000 00297nam a22001337a 4500
008 171228b xxu||||| |||| 00| 0 eng d
020 _a9781457638930
041 _aeng
080 _a070
100 _a39
101 _aMDK
245 _aEVERYTHING'S AN ARGUMENT
_cLUNSFORD, A.A
942 _2udc
_cBK
999 _c39559
_d39559